| 000 | 01068cam a2200289 i 4500 | ||
|---|---|---|---|
| 001 | 200461564 | ||
| 003 | TR-AnTOB | ||
| 005 | 20250506115946.0 | ||
| 007 | ta | ||
| 008 | 810527s1966 gw d 000 0 ger d | ||
| 040 |
_aDLC _beng _erda _cUU _dOCoLC _dDLC _dTR-AnTOB |
||
| 041 | 0 |
_ager _atur |
|
| 050 | 0 | 0 |
_aPL193.G5 _bL364 1966 |
| 090 |
_aREF PL193.G5 _bL364 1966 TıpFaK |
||
| 100 | 1 |
_aSteuerwald, Karl _eauthor _915437 |
|
| 245 | 0 | 0 |
_aLangenscheidts taschenwörterbuch der türkischen und deutschen sprache : _bDeutsch - Türkisch = Türkçe - Almanca ve Almanca - Türkçe Langenscheidt cep sözlüğü : Almanca - Türkçe / _cvon Prof. Dr. Karl Steuerwald, Prof. Cemal Köprülü. |
| 250 | _a1. Auflage | ||
| 264 | 1 |
_aBerlin : _bLangenscheidt, _c1966. |
|
| 300 |
_a618 pages ; _c16 cm |
||
| 336 |
_atext _btxt _2rdacontent |
||
| 337 |
_aunmediated _bn _2rdamedia |
||
| 338 |
_avolume _bnc _2rdacarrier |
||
| 650 | 0 |
_aGerman language _vDictionaries _xTurkish _99061 |
|
| 700 | 1 |
_aKöprülü, Cemal _eauthor _9110859 |
|
| 942 |
_2lcc _cREF |
||
| 999 |
_c200461564 _d79776 |
||